مكتبة جامعة عجلون الوطنية

فهرس بحث المكتبة

بنية اللغة الشعرية في ديوان "عيون سلمى" للشاعر حسن بكر العزازي : "دراسة فنية" = The Structure of Poetic Language in the Collection “Oyonn Salma’s” by the Poet Hassan Bakr Al-Azzizi (Record no. 33934)

MARC details
000 -LEADER
fixed length control field 01065nam a22001937a 4500
003 - CONTROL NUMBER IDENTIFIER
control field JO-AjAnu
005 - DATE AND TIME OF LATEST TRANSACTION
control field 20250715083117.0
008 - FIXED-LENGTH DATA ELEMENTS--GENERAL INFORMATION
fixed length control field 250715b jo ||||| |||| 00| 0 ara d
040 ## - CATALOGING SOURCE
Original cataloging agency ANU
Transcribing agency JO-AjAnu
041 ## - LANGUAGE CODE
Language code of original ARA
100 ## - MAIN ENTRY--PERSONAL NAME
Personal name بني يونس، محمد يوسف ابراهيم
Relator term معد
9 (RLIN) 66575
245 ## - TITLE STATEMENT
Title بنية اللغة الشعرية في ديوان "عيون سلمى" للشاعر حسن بكر العزازي : "دراسة فنية" = The Structure of Poetic Language in the Collection “Oyonn Salma’s” by the Poet Hassan Bakr Al-Azzizi
Statement of responsibility, etc. / إعداد محمد يوسف ابراهيم بني يونس ؛ اشراف علي قاسم الخرابشة
260 ## - PUBLICATION, DISTRIBUTION, ETC.
Date of publication, distribution, etc. 2025
300 ## - PHYSICAL DESCRIPTION
Extent 163 ورقة
500 ## - GENERAL NOTE
General note رسالة جامعية (رسالة ماجستير في اللغة العربية) - جامعة عجلون الوطنية (الاردن-عجلون) - كلية الآداب ، 2025
650 ## - SUBJECT ADDED ENTRY--TOPICAL TERM
Form subdivision الشعر العربي-تاريخ ونقد
700 ## - ADDED ENTRY--PERSONAL NAME
Personal name الخرابشة، علي قاسم
Relator term مشرف
9 (RLIN) 66053
942 ## - ADDED ENTRY ELEMENTS (KOHA)
Source of classification or shelving scheme Library of Congress Classification
Koha item type Thesis
Suppress in OPAC No
Holdings
Withdrawn status Lost status Source of classification or shelving scheme Damaged status Not for loan Home library Current library Date acquired Total Checkouts Full call number Barcode Date last seen Price effective from Koha item type
    Library of Congress Classification     مكتبة جامعة عجلون الوطنية مكتبة جامعة عجلون الوطنية 15/07/2025   PJ7541.2025 A30272 15/07/2025 15/07/2025 Thesis
    Library of Congress Classification     مكتبة جامعة عجلون الوطنية مكتبة جامعة عجلون الوطنية 15/07/2025   PJ7541.2025 A30271 15/07/2025 15/07/2025 Thesis